000 01090nam a2200265 a 4500
001 000008725
005 20200929161409.0
008 090918s200u dr 000 0 spa d
040 _aDO-SdBNP
_bspa
_cBNPHU
082 _a709.7293
_bF363p
245 0 0 _aFernando Peña Defilló :
_bla naturaleza mística /
_ccompilador Ricardo Ramón Jarne.
260 _aSanto Domingo :
_bSecretaria de Estado de Cultura,
_c[200?].
300 _a395 p. :
_bil., retrs. ;
_c28 cm.
490 1 _aMonografías de Arte Dominicano del Centro Cultural de España
_v3
500 _aIncluye referencias y notas al pie de páginas
504 _aBibliografía: p.391-395
590 _aInventariado, 2018/LP
600 1 4 _aPEÑA DEFILLO, FERNANDO,
_xCRÍTICA E INTERPRETACIÓN
_923233
650 4 _aArte dominicano
_ySIGLO XX
_923012
650 4 _aPintura dominicana
_ySIGLO XX
_923234
650 4 _aPintores dominicanos
_911660
700 1 2 _aJame, Ricardo Ramón,
_ecomp.
_923235
830 0 _aMonografías de Arte Dominicano del Centro Cultural de España ;
_n3
_923236
910 _aValidado. Control de calidad BNPHU
999 _c8495
_d8495